LEADER 01214nam a2200265 i 4500 001 000000205945 003 CaOOAMICUS 005 20110909000000.0 008 110909s1984 it u000 u ita u 013 $a184691 040 $aSeMil$bita 245 10$aTutti i libretti di Puccini /$ca cura di Enrico Maria Ferrando ; nota di Simonetta Puccini ; prefazione di Rubens Tedeschi iconografia di Giuseppe Pintorno. 260 $aMilano :$bGarzanti,$c1984. 300 $aXIV, 584 p. :$bill. ;$c22 cm. 650 4$aPuccini, Giacomo - Opere.$0(OLS)http://semarc/subject/25014 700 1 $aPuccini, Giacomo,$d<1858-1924>.$0(OLS)http://semarc/name/52966 700 1 $aFerrando, Enrico Maria.$0(OLS)http://semarc/name/74103 700 1 $aPintorno, Giuseppe.$0(OLS)http://semarc/name/61003 700 1 $aTedeschi, Rubens.$0(OLS)http://semarc/name/58381 700 1 $aPuccini, Simonetta.$0(OLS)http://semarc/name/74104 850 $aSeMil 852 $aSeMil$W1$xVenegono$y1$m3Q III 60$j156431$B156431$CSeMilBibl$Z2$F168194 $81 961 $aLascito: Barbarisi Gennaro 996 $6245$aTutti i libretti di Puccini$9(OLS)http://semarc/title/298003 996 $6260$aMilano :$bGarzanti$9(OLS)http://semarc/publisher/29852 LEADER 01039nam a2200241 i 4500 001 000000076152 003 CaOOAMICUS 005 20211215100709.0 008 110810s1902 it u000 u ita u 013 $a47324 040 $aSeMil$bita 100 1 $aAlighieri, Dante,$d<1265-1321>.$0(OLS)http://semarc/name/453 245 13$aIl canzoniere di Dante Alighieri /$cannotato e illustrato da Pietro Fraticelli ; aggiuntovi Le rime sacre e le poesie latine dello stesso autore. 250 $a6. ed. 260 $aFirenze :$bG. Barbčra,$c1902. 300 $a449 p. 700 1 $aFraticelli, Pietro.$0(OLS)http://semarc/name/11297 773 0 $aAlighieri, Dante <1265-1321>$tOpere minori di Dante Alighieri.$dFirenze : Barbčra, [188?]-$g1$w()18626 850 $aSeMil 852 $aSeMil$W1$xVenegono$y1$m1I IV 2 FA$j42304$B42304$CSeMilBibl$Z2$F42308 $8I 996 $6245$aIl canzoniere di Dante Alighieri$9(OLS)http://semarc/title/123419 996 $6260$aFirenze :$bG. Barbčra$9(OLS)http://semarc/publisher/31283